ATM. Armádní technický magazín

Bibliographic Details
New Title:ATM
Previous Title:Atom. Armádní technický obrázkový měsíčník
Format: Journal
Language:Czech
PhysicalDescription:zv. 30 cm
Published: Praha Ministerstvo obrany ČR 1990-2007
Praha StarPRESS CZ
Říčany u Brna Slovakia Press
Praha Aeromedia
ISSN:1210-2849
0322-8401
1802-4823
Subjects:

MARC

LEADER 00000cas a2200000 a 4500
001 vtls008880270
003 SK-MaSNL
005 20260228162252.0
008 990527d19902007xr mr p r 0 0 b0cze c
022 |a 1210-2849 
035 |a (SVKBB03)vtls000031094 
040 |a SVKBB  |b slo  |c SVKBB  |d SNK  |e AACR2 
041 0 |a cze 
044 |a xr  |c CZ 
072 7 |a 355/359  |x Vojenstvo. Obrana krajiny. Ozbrojené sily  |2 konspekt 
080 |a 355.3  |2 2011 
080 |a 050  |2 2011 
080 |a (051)-027.561  |2 2011 
210 0 |a ATM. Armádní tech. mag 
222 0 |a ATM. Armádní technický magazín 
245 0 0 |a ATM. Armádní technický magazín 
246 3 3 |a Armádní technický magazín 
246 3 3 |a Armádní magazín 
260 |a Praha  |b Ministerstvo obrany ČR  |c 1990-2007 
260 2 |3 2004-6/2005  |a Praha  |b StarPRESS CZ 
260 2 |3 7/2005-12/2005  |a Říčany u Brna  |b Slovakia Press 
260 3 |3 2006-2007  |a Praha  |b Aeromedia 
300 |a zv.  |c 30 cm 
310 |a 1x mesačne 
525 |a Príloha: Armádní zápisník 
547 |a Od č. 5/2007 pohltil titul ATM Armáda, technika, militaria 
650 0 7 |a armáda  |2 SNKPH  |9 1643 
655 7 |a odborné časopisy  |2 SNKPH  |9 70505 
770 0 |t Armádní zápisník 
780 0 0 |t Atom. Armádní technický obrázkový měsíčník  |x 0322-8401 
785 0 0 |t ATM  |x 1802-4823 
852 |a Štátna vedecká knižnica v Banskej Bystrici 
910 |a snk 
999 |c 7352  |d 9282 
952 |0 0  |1 1  |4 0  |7 0  |a SNK  |b SNK  |d 1998-01-30  |l 0  |o snkČB 3564/23/1991  |p 17A0120477  |r 2005-01-02 00:00:00  |t č. 1-12  |w 2026-02-21  |y PREZ 
952 |0 0  |1 1  |4 0  |7 0  |a SNK  |b SNK  |d 1998-01-30  |l 0  |o snkČB 3564/25/1993  |p 17A0120336  |r 2005-01-02 00:00:00  |t č. 1  |w 2026-02-21  |y PREZ